LEADER 01314nam a2200289 a 4500 001 000000137297 003 CaOOAMICUS 005 20140212124201.0 008 140212s1999 it u000 u ita r 020 $z88-04-42852-X* 040 $aPUL$bita 100 1 $aBernabei, Ettore.$0(OLS)http://pul/name/88176 245 12$aL'uomo di fiducia :$bi retroscena del potere raccontati da un testimone rimasto dietro le quinte per cinquant'anni /$cEttore Bernabei con Giorgio Dell'Arti. 260 $aMilano :$bArnoldo Mondadori,$c©1999. 300 $a316 p. ;$c20 cm 490 1 $aFrecce 651 4$aItalia$xPolitica e governo$ySec. XX.$0(OLS)http://pul/subject/1641 700 1 $aDell'Arti, Giorgio.$0(OLS)http://pul/name/86878 830 0$aFrecce (Mondadori).$0(OLS)http://pul/title/39392 850 $aPUL 852 $aPUL$W1$xDP1 Fondo E. Rossi$y115$m6 A 12$j30408$qFondi$B157806$CPULBib$Z2$F157806 $82 941 1 $a1 961 $aSul dorso collocazione ms. di E. Rossi: CG B 0 0 996 $6020$z88-04-42852-X*$9(OLS)http://pul/number/154443 996 $6245$aL'uomo di fiducia :$bi retroscena del potere raccontati da un testimone rimasto dietro le quinte per cinquant'anni$9(OLS)http://pul/title/173804 996 $6260$aMilano :$bArnoldo Mondadori$9(OLS)http://pul/publisher/60431 LEADER 01756nam a2200373 a 4500 001 000000139606 003 CaOOAMICUS 005 20140908110410.0 008 140908s2014 vc fr z000 u ita r 020 $a978-88-209-9276-7 040 $aPUL$bita 082 04$a261.8 100 1 $aMüller, Gerhard Ludwig,$ccardinale,$d1947-$0(OLS)http://pul/name/32634 245 10$aPovera per i poveri :$bla missione della Chiesa /$cGerhard Card. Müller ; prefazione di Papa Francesco ; a cura di Pierluca Azzaro ; con scritti di Gustavo Gutierrez e Josef Sayer. 260 $aCittà del Vaticano :$bLibreria editrice vaticana,$c©2014. 300 $a310 p. ;$c19 cm 504 $aBibliografia in nota. 600 04$aFranciscus PP.,$d1936-2025$xPovertà.$0(OLS)http://pul/subject/40628 700 1 $aGutiérrez, Gustavo.$0(OLS)http://pul/name/26447 700 1 $aAzzaro, Pierluca,$d1970-$0(OLS)http://pul/name/75473 700 1 $aSayer, Josef.$0(OLS)http://pul/name/90009 700 0 $aFranciscus PP.,$d1936-2025.$0(OLS)http://pul/name/86295 850 $aPUL 852 $aPUL$W1$xSL Religione 3$y85$m261. 8 MULGE 1$j161228$qDDC 21$B160696$CPULBib$Z2$F160696 $H124596 $82 900 $aBergoglio, Jorge Mario$986295 900 $aFrancesco, papa,$d1936-$986295 910 $aPapi (2013-2025 : Franciscus)$986295 910 $aPapi (2013-2025 : Franciscus)$986295 941 1 $a9 996 $6020$a978-88-209-9276-7$9(OLS)http://pul/number/155913 996 $6082$a261.8$9(OLS)http://pul/classification/367 996 $6245$aPovera per i poveri :$bla missione della Chiesa$9(OLS)http://pul/title/176726 996 $6260$aCittà del Vaticano :$bLibreria editrice vaticana$9(OLS)http://pul/publisher/47920